[Event "Challenge"]
[Site "http://www.queenalice.com/game.php?id=170360"]
[Date "2007.2.18"]
[Round "-"]
[White "claudiocaire"]
[Black "nobody"]
[Result "0-1"]
[WhiteElo "1485"]
[BlackElo "1375"]

1. e4 e5 2. Nf3 Nc6 3. Bc4 Bc5 4. d3 h6 5. Ng1 Nf6 6. Qf3 Nd4 7. Qd1 d5 8. exd5
Nxd5 9. c3 Nc6 10. Qf3 Nf6 11. g4 Bxg4 12. Qg3 Qd7 13. h3 Bh5 14. Qxg7 O-O-O 15.
Qxf6 e4 16. dxe4 Qd1# 0-1

[Event "Revanche Minha"]
[Site "http://www.queenalice.com/game.php?id=170544"]
[Date "2007.2.18"]
[Round "-"]
[White "claudiocaire"]
[Black "nobody"]
[Result "0-1"]
[WhiteElo "1485"]
[BlackElo "1503"]

1. e4 e5 2. Qf3 Nf6 3. Bc4 Nc6 4. g4 Nd4 5. Qd1 Nxe4 6. c3 Qh4 7. Nh3 Qxh3 8. f3
Nxf3+ 9. Ke2 Qxg4 10. Kf1 Nxh2+ 11. Ke1 Qg3+ 12. Ke2 Qf3+ 13. Ke1 Qf2# 0-1

[Event "Challenge"]
[Site "http://www.queenalice.com/game.php?id=171809"]
[Date "2007.2.21"]
[Round "-"]
[White "nobody"]
[Black "BboyH"]
[Result "1-0"]
[WhiteElo "1672"]
[BlackElo "1690"]

1. e4 e5 2. Nf3 d6 3. h3 Nf6 4. Nc3 a6 5. Bc4 b5 6. Bd5 c6 7. Bb3 c5 8. a3 Bb7
9. d3 Qa5 10. Bd2 Qb6 11. Ng5 c4 12. dxc4 bxc4 13. Be3 Qc6 14. Ba4 Qxa4 15. Nxa4
Bxe4 16. Nxe4 Nxe4 17. Nb6 Ra7 18. Nxc4 Rc7 19. Qd3 f5 20. O-O-O Rd7 21. f3 Ng3
22. Rhe1 Be7 23. Qd5 f4 24. Bf2 Nf5 25. Nb6 Rd8 26. Re4 Nd7 27. Nxd7 Rxd7 28.
Rb4 g6 29. Rb8+ Bd8 30. Qe6+ Re7 31. Qc8 Kf7 32. Qxa6 Rd7 33. Qc4+ Kf6 34. a4
Rc7 35. Qa6 Rd7 36. a5 h5 37. Qb5 Rhh7 38. a6 Bc7 39. Rc8 Ne3 40. Bxe3 fxe3 41.
a7 Bd8 42. a8=Q Ra7 43. Qxa7 Rxa7 44. c3 1-0

[Event "Game"]
[Site "http://www.queenalice.com/game.php?id=173361"]
[Date "2007.2.24"]
[Round "-"]
[White "nobody"]
[Black "mauricio_sm"]
[Result "0-1"]
[WhiteElo "1762"]
[BlackElo "1732"]

1. e4 e5 2. Nf3 d6 3. h3 Nf6 4. Nc3 Nc6 5. Bb5 Bd7 6. d4 exd4 7. Nxd4 g6 8. Bg5
Bg7 9. Qd2 Nxd4 10. Bxd7+ Qxd7 11. O-O-O Nc6 12. Rhe1 O-O 13. f4 h6 14. Bh4 Rfe8
15. Bxf6 Bxf6 16. e5 Bh4 17. Re3 g5 18. g3 gxf4 19. Rf3 Bxg3 20. exd6 Qxd6 21.
Qxd6 cxd6 22. Rxd6 Rad8 23. Rxd8 Rxd8 24. Ne4 Ne5 25. Rf1 Rd4 26. Nf6+ Kh8 27.
c3 Rd3 28. Kc2 Rd6 29. Nh5 Nc4 30. Rg1 Rg6 31. Nxg3 Rxg3 32. Rxg3 fxg3 33. Kb3
Ne3 34. c4 g2 35. Ka4 g1=Q 36. b3 Nc2 37. a3 Qc5 38. b4 Qxc4 39. h4 f5 40. Ka5
Qa6# 0-1

[Event "Challenge"]
[Site "http://www.queenalice.com/game.php?id=173365"]
[Date "2007.2.24"]
[Round "-"]
[White "nobody"]
[Black "Tlaloc2k"]
[Result "1-0"]
[WhiteElo "1670"]
[BlackElo "1535"]

1. e4 e5 2. Nf3 Nc6 3. Nc3 a6 4. Bc4 Nf6 5. d3 Nd4 6. Be3 Bc5 7. Ng5 O-O 8. a3
h6 9. Nf3 d6 10. h3 c6 11. b4 Nxf3+ 12. Qxf3 b5 13. Bb3 Bxe3 14. fxe3 Be6 15.
O-O d5 16. exd5 cxd5 17. d4 Qc7 18. dxe5 Qxe5 19. Ne2 Ne4 20. Rad1 Ng5 21. Qf4
Qxf4 22. Nxf4 a5 23. Nxd5 a4 24. Ba2 Bxd5 25. Bxd5 Rac8 26. Rc1 Rc3 27. e4 Rxa3
28. Bc6 Re3 29. Bxb5 Rxe4 30. c3 a3 31. Ra1 Re5 32. Ba4 Ne6 33. Rxa3 Re3 34. Rc1
h5 35. Kf2 Rd3 36. Bc2 Rd2+ 37. Kg1 Nf4 38. Be4 Ne2+ 39. Kh2 Nxc1 40. c4 Rd4 41.
Bd5 Kh7 42. Ra1 Ne2 43. Rb1 Nf4 44. b5 Rd2 45. Bc6 Rc2 46. Be4+ g6 47. Bxc2 Rc8
48. Bb3 Re8 49. c5 Re2 50. Bxf7 Rxg2+ 51. Kh1 Rf2 52. h4 Nd3 53. c6 Rxf7 54. b6
Rf4 55. b7 Rxh4+ 56. Kg1 Rb4 57. Rxb4 Nxb4 58. c7 1-0

[Event "Challenge"]
[Site "http://www.queenalice.com/game.php?id=173371"]
[Date "2007.2.24"]
[Round "-"]
[White "TinyDemons"]
[Black "nobody"]
[Result "1/2-1/2"]
[WhiteElo "1766"]
[BlackElo "1715"]

1. e4 e5 2. Nf3 Nc6 3. d4 exd4 4. Nxd4 Be7 5. c3 Nf6 6. Bd3 d5 7. Qe2 dxe4 8.
Nxc6 bxc6 9. Bxe4 Nxe4 10. Qxe4 Bb7 11. O-O O-O 12. Qg4 h6 13. Bxh6 Bf6 14. Be3
Re8 15. Na3 Qd5 16. Rfd1 Qe5 17. Bd4 Qd6 18. Bxa7 Qe7 19. Be3 c5 20. Re1 Qd6 21.
Nc4 Qd5 22. Bd2 Rad8 23. Rxe8+ Rxe8 24. Rd1 Re4 25. Qg3 Qxc4 26. Qxc7 Re7 27.
Qa5 Qe4 28. f3 Qe2 29. Qa4 Re5 30. Re1 Qxd2 31. Rxe5 Bxe5 32. Qe8+ Kh7 33. Qxe5
f6 34. Qh5+ Kg8 35. Qe8+ Kh7 36. Qh5+ 1/2-1/2

[Event "Challenge"]
[Site "http://www.queenalice.com/game.php?id=173562"]
[Date "2007.2.24"]
[Round "-"]
[White "charles31"]
[Black "nobody"]
[Result "0-1"]
[WhiteElo "1581"]
[BlackElo "1718"]

1. e4 e5 2. Nf3 Nc6 3. Bb5 Nf6 4. Bxc6 dxc6 5. Nxe5 Qe7 6. d4 Nxe4 7. f3 Nf6 8.
f4 Bg4 9. Qd3 O-O-O 10. c3 Nd5 11. h3 Bh5 12. g3 Qe6 13. Be3 f6 14. c4 Nb4 15.
Qc3 fxe5 16. fxe5 Qf5 17. Nd2 Nc2+ 18. Qxc2 Qxc2 19. O-O Bb4 20. Nb3 Qxc4 21.
Rac1 Qe2 22. Bf4 Qxb2 23. Rf2 Qa3 24. e6 Rhe8 25. Bg5 Rxd4 26. g4 Rd5 27. Bh4
Bg6 28. Re2 Bc5+ 29. Bf2 Bxf2+ 30. Kxf2 Rf8+ 31. Ke1 Qb4+ 0-1

[Event "Challenge"]
[Site "http://www.queenalice.com/game.php?id=173563"]
[Date "2007.2.24"]
[Round "-"]
[White "nobody"]
[Black "charles31"]
[Result "1-0"]
[WhiteElo "1647"]
[BlackElo "1573"]

1. e4 e5 2. Nf3 d6 3. h3 Nf6 4. Nc3 Nc6 5. Bc4 Qe7 6. a3 Bd7 7. d3 Be6 8. Bg5 h6
9. Bh4 g5 10. Bg3 Bxc4 11. dxc4 O-O-O 12. Qd3 Nh5 13. Bh2 Nf4 14. Bxf4 exf4 15.
O-O-O Qe6 16. Rhe1 Bg7 17. Qd5 Bxc3 18. Qxe6+ Kb8 19. Qxf7 Bxe1 20. Rxe1 Rdf8
21. Qd5 Re8 22. Nd4 Nxd4 23. Qxd4 Re5 24. f3 c5 25. Qxd6+ 1-0

[Event "Challenge"]
[Site "http://www.queenalice.com/game.php?id=174141"]
[Date "2007.2.26"]
[Round "-"]
[White "BboyH"]
[Black "nobody"]
[Result "0-1"]
[WhiteElo "1674"]
[BlackElo "1730"]

1. c4 e5 2. Nc3 Nc6 3. Nf3 Nf6 4. a3 d5 5. d3 dxc4 6. dxc4 Qxd1+ 7. Kxd1 Bg4 8.
Bg5 O-O-O+ 9. Nd2 Be7 10. f3 Bf5 11. Ke1 h6 12. Be3 g5 13. g4 Bg6 14. Nb5 a6 15.
Nc3 Nd4 16. Rc1 Nc2+ 17. Kf2 Nxe3 18. Nb3 Nxc4 19. Na4 b5 20. Nac5 Rd6 21. Nd3
e4 22. Ndc5 e3+ 23. Kg3 Rc6 24. Nd3 Rd8 25. h4 Bd6+ 26. Kg2 Bf4 27. Nb4 Rcd6 28.
h5 Bh7 29. Kh3 Nxb2 30. Bg2 Nc4 31. Ra1 Nd5 32. Nc5 Be5 33. Raf1 Nxb4 34. axb4
f5 35. f4 fxg4+ 36. Kxg4 Bxf4 37. Nb7 Ne5+ 38. Kh3 Bf5# 0-1

[Event "Challenge"]
[Site "http://www.queenalice.com/game.php?id=174143"]
[Date "2007.2.26"]
[Round "-"]
[White "rupam"]
[Black "nobody"]
[Result "1/2-1/2"]
[WhiteElo "1465"]
[BlackElo "1758"]

1. e3 e5 2. Nf3 Nc6 3. c3 a6 4. Bc4 d5 5. Bb3 Nf6 6. O-O h6 7. Qc2 e4 8. Ne1 Bc5
9. d3 exd3 10. Nxd3 Ba7 11. Bd2 Bf5 12. Qc1 Bxd3 13. Re1 O-O 14. Na3 Re8 15. Bd1
Qd7 16. b3 Qf5 17. Bf3 Be4 18. Qd1 Bxf3 19. Qxf3 Qxf3 20. gxf3 Ne5 21. Kg2 Nd3
22. Re2 c5 23. Nc2 d4 24. Kf1 Rad8 25. a3 b5 26. b4 dxe3 27. Bxe3 Nd5 28. Bd2
cxb4 29. Nxb4 N5xb4 30. axb4 Rxe2 31. Kxe2 Nxf2 32. Rxa6 Re8+ 33. Kf1 Re7 34. f4
Nd3 35. f5 Ne5 36. f6 gxf6 37. Rxf6 Ng4 38. Rd6 Nxh2+ 39. Kg2 Re2+ 40. Kh3 h5
41. Rd5 Kg7 42. Bf4 Ng4 43. Rxh5 Nf2+ 44. Kh4 Re4 45. Kg3 Kg6 46. Rg5+ Kf6 47.
Kf3 Rc4 48. Rxb5 Rxc3+ 49. Ke2 Rc4 50. Bd6 Ne4 51. Be5+ Ke6 52. Kd3 Nd6 53. Bxd6
Rd4+ 54. Kc3 Kxd6 55. Rb7 f5 56. Rxa7 Rd1 57. Ra5 f4 58. Ra6+ Ke5 59. b5 f3 60.
Ra2 Ke4 61. b6 Rc1+ 62. Rc2 Rb1 63. Rb2 Rxb2 64. Kxb2 f2 65. b7 f1=Q 66. b8=Q
Qe2+ 67. Ka3 Qa6+ 68. Kb4 Qd3 69. Qb7+ Ke3 70. Qb6+ Kd2 71. Qb5 1/2-1/2

[Event "Challenge"]
[Site "http://www.queenalice.com/game.php?id=174144"]
[Date "2007.2.26"]
[Round "-"]
[White "technicaldraw"]
[Black "nobody"]
[Result "1-0"]
[WhiteElo "2090"]
[BlackElo "1717"]

1. e4 e5 2. Nf3 Nc6 3. Bb5 Nf6 4. O-O a6 5. Bxc6 bxc6 6. Nxe5 Nxe4 7. Re1 d5 8.
d3 Qf6 9. Nf3 Qg6 10. dxe4 dxe4 11. Nc3 Bf5 12. Nh4 Qe6 13. Nxf5 Qxf5 14. Rxe4+
Be7 15. Qe2 Qf6 16. Bd2 Rd8 17. Re1 Rd7 18. Na4 Kd8 19. Bc3 Qg5 20. Qxa6 Rd6 21.
Qa8+ Kd7 22. Rxe7+ Qxe7 23. Nc5# 1-0

[Event "Challenge"]
[Site "http://www.queenalice.com/game.php?id=174145"]
[Date "2007.2.26"]
[Round "-"]
[White "nobody"]
[Black "technicaldraw"]
[Result "0-1"]
[WhiteElo "1746"]
[BlackElo "2110"]

1. e4 c6 2. d4 d5 3. exd5 cxd5 4. Nc3 Nc6 5. Nf3 Bg4 6. Be2 e6 7. a3 Bd6 8. h3
Bh5 9. Bg5 f6 10. Bh4 Nge7 11. Qd2 Nf5 12. g4 Nxh4 13. Nxh4 Bf7 14. O-O-O a6 15.
f4 g5 16. fxg5 fxg5 17. Nf3 Bf4 18. Qxf4 gxf4 19. Na4 Bg6 20. Nc5 Qe7 21. h4
Nxd4 22. Nxd4 Qxc5 23. Rd2 Rc8 24. Nxe6 Qe3 25. Nd4 O-O 26. Rf1 Rxc2+ 27. Nxc2
Rc8 28. Bd1 d4 29. Rf3 Rxc2+ 30. Bxc2 Qxf3 31. Rxd4 Qe3+ 32. Rd2 f3 33. Kd1
Bxc2+ 34. Kxc2 f2 35. Rd1 Qe2+ 36. Rd2 Qxd2+ 37. Kxd2 f1=Q 38. Kc3 Kf7 39. a4
Ke6 40. g5 Kd5 41. h5 Qf3+ 42. Kc2 Kc4 43. g6 Qe2+ 44. Kb1 Kb3 45. gxh7 Qxb2#
0-1

[Event "Challenge"]
[Site "http://www.queenalice.com/game.php?id=174531"]
[Date "2007.2.27"]
[Round "-"]
[White "Tlaloc2k"]
[Black "nobody"]
[Result "0-1"]
[WhiteElo "1533"]
[BlackElo "1689"]

1. e4 e5 2. c4 Nf6 3. d3 Nc6 4. Be3 Bb4+ 5. Bd2 d6 6. h3 h6 7. a3 Ba5 8. b4 Bb6
9. Nf3 a6 10. Be2 Be6 11. Bc3 Qd7 12. a4 O-O 13. a5 Ba7 14. Nbd2 Nh5 15. Ng1 Nf4
16. Rh2 Nd4 17. g4 Ndxe2 18. Nxe2 Nxd3+ 19. Kf1 Qe7 20. Qc2 Nf4 21. Nxf4 exf4
22. f3 Qh4 23. Bb2 Qg3 24. Nb3 Qg1+ 0-1

[Event "Challenge"]
[Site "http://www.queenalice.com/game.php?id=174532"]
[Date "2007.2.27"]
[Round "-"]
[White "nobody"]
[Black "Tlaloc2k"]
[Result "1-0"]
[WhiteElo "1703"]
[BlackElo "1544"]

1. e4 e5 2. Nf3 Nc6 3. Nc3 Bc5 4. h3 Nf6 5. Bc4 h6 6. d3 d6 7. a3 Qe7 8. O-O Bd7
9. b4 Be6 10. bxc5 dxc5 11. Bxe6 Qxe6 12. Nb5 Qd7 13. Be3 b6 14. a4 a6 15. Nc3
O-O-O 16. Qb1 g5 17. a5 Qe6 18. axb6 Qd6 19. Rxa6 Nb8 20. b7+ Kd7 21. Rxd6+ Kxd6
22. Na4 Na6 23. c3 g4 24. Qb5 Nd7 25. Qxa6+ c6 26. Rb1 gxf3 27. gxf3 Rhg8+ 28.
Kf1 h5 29. d4 exd4 30. cxd4 cxd4 31. Bxd4 Rg6 32. Qa7 Rdg8 33. b8=Q+ Ke7 34.
Bc5+ Ke6 35. Qd6# 1-0

[Event "Challenge"]
[Site "http://www.queenalice.com/game.php?id=175230"]
[Date "2007.2.28"]
[Round "-"]
[White "Tlaloc2k"]
[Black "nobody"]
[Result "0-1"]
[WhiteElo "1550"]
[BlackElo "1754"]

1. d4 d5 2. Bf4 Nc6 3. e3 a6 4. Nf3 Nf6 5. h3 Bf5 6. a3 e6 7. Be2 h6 8. Nc3 Bd6
9. O-O O-O 10. b4 Ne4 11. Nxe4 Bxe4 12. Ne5 Nxe5 13. dxe5 Be7 14. f3 Bf5 15. g4
Bh7 16. Bg3 Bh4 17. Kg2 f5 18. f4 Bxg3 19. Kxg3 Qe8 20. a4 Qg6 21. Kf2 Rad8 22.
Bf3 c6 23. Qd4 Qe8 24. Rg1 fxg4 25. Bxg4 Bxc2 26. Qb2 Bf5 27. Qe2 Qe7 28. Qf3
Qxb4 29. Bxf5 Rxf5 30. Rg6 Qb2+ 31. Kg3 Qxa1 32. Qg4 Qg1+ 33. Kh4 Qxg4+ 34. Rxg4
b5 35. Rg6 Kf7 36. Rg3 b4 37. Rg4 c5 38. Kg3 c4 39. Kf3 Kf8 40. e4 dxe4+ 41.
Kxe4 Rf7 0-1

[Event "Challenge"]
[Site "http://www.queenalice.com/game.php?id=175231"]
[Date "2007.2.28"]
[Round "-"]
[White "nobody"]
[Black "Tlaloc2k"]
[Result "1-0"]
[WhiteElo "1744"]
[BlackElo "1576"]

1. e4 e5 2. Nf3 Nc6 3. Nc3 a6 4. Bc4 Nf6 5. d4 Bd6 6. d5 Ne7 7. Bg5 Neg8 8. a3
b5 9. Ba2 h6 10. Bh4 g5 11. Bg3 Bb7 12. Nxe5 Bxe5 13. Bxe5 d6 14. Bd4 Qd7 15.
Qf3 Qe7 16. O-O-O h5 17. Rhe1 g4 18. Qf5 Bc8 19. Qg5 Bd7 20. e5 Ne4 21. Qxe7+
Nxe7 22. Nxe4 O-O-O 23. exd6 Nf5 24. dxc7 Kxc7 25. Be5+ Kb6 26. Bxh8 Rxh8 27. d6
Rf8 28. Nf6 Bc6 29. d7 Bxg2 30. d8=Q+ Rxd8 31. Rxd8 Kc7 32. Rd7+ Kb6 33. Bxf7
1-0

[Event "Challenge"]
[Site "http://www.queenalice.com/game.php?id=175937"]
[Date "2007.3.2"]
[Round "-"]
[White "dasch2007"]
[Black "nobody"]
[Result "1-0"]
[WhiteElo "1536"]
[BlackElo "1725"]

1. e3 e5 2. f4 exf4 3. exf4 Qh4+ 4. g3 Qe7+ 5. Qe2 Qxe2+ 6. Nxe2 Nf6 7. Bg2 Nc6
8. c3 Bc5 9. d4 Bb6 10. Nd2 d5 11. c4 dxc4 12. O-O Nxd4 13. Nxd4 Bxd4+ 14. Kh1
O-O 15. Nxc4 Re8 16. Rb1 Bf5 17. Ra1 Rad8 18. Na5 b6 19. Nb3 Ng4 20. Nxd4 Rxd4
21. h3 Ne3 22. Bc6 Re6 23. Bxe3 Rdd6 24. Rac1 Rxe3 25. Rfe1 Rxe1+ 26. Rxe1 g6
27. Re8+ Kg7 28. g4 Bb1 29. Bf3 Bxa2 30. Re7 Rd3 31. Kg2 Rd2+ 32. Kg3 Rxb2 33.
Rxc7 a5 34. f5 Bb1 35. Bd5 Ba2 36. Rxf7+ Kh8 37. Be6 Bxe6 38. fxe6 Kg8 39. Kf3
Rb3+ 40. Ke4 Rc3 41. Ke5 1-0

[Event "Challenge"]
[Site "http://www.queenalice.com/game.php?id=176342"]
[Date "2007.3.2"]
[Round "-"]
[White "nobody"]
[Black "rrenato"]
[Result "0-1"]
[WhiteElo "1725"]
[BlackElo "1678"]

1. e4 c5 2. d4 e6 3. Nc3 Nc6 4. dxc5 Bxc5 5. a3 Nf6 6. Nf3 d5 7. exd5 exd5 8.
Bg5 h6 9. Bh4 Qe7+ 10. Be2 Qd6 11. Nb5 Qe7 12. Qd2 O-O 13. O-O a6 14. Nc3 Be6
15. b4 Bb6 16. Rfe1 d4 17. Na4 Ba7 18. Rad1 Qd8 19. c3 Bb3 20. Rc1 Bxa4 21. cxd4
Nxd4 22. Nxd4 Qxd4 23. Qxd4 Bxd4 24. Rc4 Bb2 25. Bf3 b5 26. Bxa8 bxc4 0-1

[Event "Challenge"]
[Site "http://www.queenalice.com/game.php?id=176843"]
[Date "2007.3.4"]
[Round "-"]
[White "TinyDemons"]
[Black "nobody"]
[Result "1-0"]
[WhiteElo "1749"]
[BlackElo "1741"]

1. e4 e5 2. Nf3 Nc6 3. Bb5 Nf6 4. d3 d6 5. Bg5 Bd7 6. Bc4 h6 7. Be3 a6 8. Nc3
Bg4 9. Nd5 b5 10. Nxf6+ Qxf6 11. Bd5 Bd7 12. c3 a5 13. d4 Rb8 14. Bxc6 Bxc6 15.
d5 1-0

[Event "Challenge"]
[Site "http://www.queenalice.com/game.php?id=176844"]
[Date "2007.3.4"]
[Round "-"]
[White "nobody"]
[Black "TinyDemons"]
[Result "0-1"]
[WhiteElo "1758"]
[BlackElo "1732"]

1. e4 c5 2. d4 cxd4 3. Qxd4 Nc6 4. Qd1 e5 5. Nf3 Nf6 6. Nc3 Bb4 7. Bd2 O-O 8.
Bc4 d6 9. h3 Bxc3 10. Bxc3 Nxe4 11. Qd3 Nxc3 12. Qxc3 Re8 13. O-O-O Qf6 14. Rhe1
Bd7 0-1

[Event "Challenge"]
[Site "http://www.queenalice.com/game.php?id=181363"]
[Date "2007.3.13"]
[Round "-"]
[White "Tlaloc2k"]
[Black "nobody"]
[Result "1-0"]
[WhiteElo "1581"]
[BlackElo "1695"]

1. e4 e5 2. Nc3 Nc6 3. Be2 Nf6 4. a3 Bc5 5. d3 h6 6. Bd2 d5 7. Nf3 dxe4 8. dxe4
Ng4 9. O-O a6 10. h3 Nf6 11. b3 O-O 12. b4 Bd4 13. Rb1 Bxc3 14. Bxc3 Nxe4 15.
Qd3 Qxd3 16. Bxd3 Nxc3 17. Rb3 e4 18. Rxc3 exf3 19. g3 Bxh3 20. Ra1 Nd4 21. Rxc7
b5 22. Kh2 Bg2 23. Be4 Rac8 24. Rxc8 Rxc8 25. Rd1 Ne6 26. Bb7 1-0

[Event "Challenge"]
[Site "http://www.queenalice.com/game.php?id=181364"]
[Date "2007.3.13"]
[Round "-"]
[White "nobody"]
[Black "Tlaloc2k"]
[Result "1-0"]
[WhiteElo "1749"]
[BlackElo "1576"]

1. e4 Nf6 2. Nc3 e5 3. Nf3 Nc6 4. Bb5 Bd6 5. d4 a6 6. Bxc6 exd4 7. Qxd4 dxc6 8.
e5 Qe7 9. O-O c5 10. Qe3 O-O 11. exf6 Qxf6 12. Nd5 Qd8 13. Re1 Be6 14. Qd3 Qd7
15. Ng5 Rae8 16. Qxh7# 1-0